000 00850ntm a22002297a 4500
005 20170814091810.0
008 170802s2013 xx a frb 000 0 eng d
040 _aEG-ScBUE
_beng
_cEG-ScBUE
082 0 4 _222
_a621
_bARA
100 1 _aArafa, Tarek Abd el Aziz Kamal.
245 1 0 _aTransparent PV-thermal and transparent PV-PV hybrid systems /
_cby Tarek Abd El Aziz Kamal Arafa.
260 _c2013.
300 _avi, 68 p. :
_bill. (col.) ;
_c28 cm.
500 _aA dissertation submitted to the faculty of engineering, the British university in Egypt, in partial fulfillment of the requirements for the bachelor degree in mechanical engineering.
590 _aAishaa
650 7 _2BUEsh
_vProjects
_aMechanical Engineering.
653 _bENGMEC
_cAugust2017
655 _vSPRO
700 1 _aSaad, Bahy,
_eths.
777 _ASPRO
942 _2ddc
999 _c25123
_d25095